Catálogo
 En Linea

Poesías y canciones a la patria : (Registro nro. 46898)

Detalles MARC
000 -CABECERA
campo de control de longitud fija 01373nam a2200301 a 4500
001 - NÚMERO DE CONTROL
campo de control 000047410
005 - FECHA Y HORA DE LA ÚLTIMA TRANSACCIÓN
campo de control 20240412074306.0
008 - DATOS DE LONGITUD FIJA--INFORMACIÓN GENERAL
campo de control de longitud fija 091005s2006 dr g r 000 p spa d
020 ## - NÚMERO INTERNACIONAL ESTÁNDAR DEL LIBRO
Número Internacional Estándar del Libro 9993433527
040 ## - FUENTE DE LA CATALOGACIÓN
Centro catalogador/agencia de origen DO-SdBNP
Lengua de catalogación spa
Centro/agencia transcriptor BNPHU
082 ## - NÚMERO DE LA CLASIFICACIÓN DECIMAL DEWEY
Número de clasificación RD861.3
Número de documento/Ítem G633p, 2006
100 1# - ENTRADA PRINCIPAL--NOMBRE DE PERSONA
Nombre de persona Gómez Sánchez, Fiume Bienvenida
Fechas asociadas al nombre 1941-
9 (RLIN) 25162
245 10 - MENCIÓN DE TÍTULO
Título Poesías y canciones a la patria :
Resto del título de como los dominicanos han sentido la patria a través de la historia /
Mención de responsabilidad, etc. Fiume Bienvenida Gómez Sánchez.
250 ## - MENCIÓN DE EDICIÓN
Mención de edición 3a ed.
260 ## - PUBLICACIÓN, DISTRIBUCIÓN, ETC.
Lugar de publicación, distribución, etc. Santo Domingo :
Nombre del editor, distribuidor, etc. Universitaria,
Fecha de publicación, distribución, etc. 2006.
300 ## - DESCRIPCIÓN FÍSICA
Extensión 427 p. :
Otras características físicas mús. ;
Dimensiones 24 cm.
490 1# - MENCIÓN DE SERIE
Mención de serie Publicaciones de la Universidad autónoma de Santo Domingo ;
Designación de volumen o secuencia 1267 ;
490 1# - MENCIÓN DE SERIE
Mención de serie Literatura y sociedad ;
Designación de volumen o secuencia 59 ;
500 ## - NOTA GENERAL
Nota general Aprobado como libro de consulta y referencia para los doce años de la Educación Nacional (Básica y Media) por la Dirección General de Currículo de la Secretaría de Estado de Educación junio 2001
500 ## - NOTA GENERAL
Nota general Incluye datos biográficos del autor en la contracubierta.
504 ## - NOTA DE BIBLIOGRAFÍA, ETC.
Nota de bibliografía, etc. Bibliografía : p. 425-427
590 ## - NOTA LOCAL (RLIN)
Nota local Inventariado, 2018/YL
650 #0 - PUNTO DE ACCESO ADICIONAL DE MATERIA--TÉRMINO DE MATERIA
Término de materia o nombre geográfico como elemento de entrada Poesía dominicana
9 (RLIN) 66
650 #4 - PUNTO DE ACCESO ADICIONAL DE MATERIA--TÉRMINO DE MATERIA
Término de materia o nombre geográfico como elemento de entrada Canciones dominicanas
9 (RLIN) 19584
650 #0 - PUNTO DE ACCESO ADICIONAL DE MATERIA--TÉRMINO DE MATERIA
Término de materia o nombre geográfico como elemento de entrada Literatura dominicana.
9 (RLIN) 67
830 #0 - PUNTO DE ACCESO ADICIONAL DE SERIE-TÍTULO UNIFORME
Título uniforme Publicaciones de la Universidad autónoma de Santo Domingo
Número de parte o sección de la obra 1267
9 (RLIN) 75049
830 #0 - PUNTO DE ACCESO ADICIONAL DE SERIE-TÍTULO UNIFORME
Título uniforme Literatura y sociedad
Número de parte o sección de la obra 59
9 (RLIN) 75050
Existencias
Estado de retiro Estado de pérdida No para préstamo Código de colección Localización permanente Ubicación/localización actual Ubicación en estantería Fecha de adquisición Número de inventario Total de préstamos Signatura topográfica completa Código de barras Fecha visto por última vez Precio válido a partir de Tipo de ítem Koha
    Excluido de préstamo Patrimonio Dominicano Patrimonio Dominicano Patrimonio Dominicano En catalogación 15.05.2018 LF1   RD861.3 G633p, 2006 47410-10 25.06.2020 25.06.2020 Libro y Folleto Colección Patrimonio Dominicano

Con tecnología Koha